Top 15 meistabonnierte österreichische YouTube-Kanäle - Statistiken

Allgemein
  • Dieses Quiz wurde 8 mal gespielt
  • Das Durchschnittsergebnis liegt bei 2 aus 15
Antwortstatistiken
Abos in Mio. Content Erfolgreichstes Video Jahr YouTuber % Korrekt
1,78 Fitness 7 Minuten Sixpack Workout für Zuhause - Extrem Effektiv! 2020 Sascha Huber
83%
2,05 Unterhaltung 10 ARTEN VON TURMSPRINGERN 2015 KsFreakWhatElse
50%
1,77 Minecraft FLO, LARS, ROMAN und ??? - Minecraft COMMANDO 2017 Chaosflo44
33%
2,15 Streaming-Highlights LACHFLASH! 🤣 MontanaBlack reagiert auf CRINGE TikToks 😂 MontanaBlack Reaktion 2020 Richtiger Kevin
33%
0,956 Gaming, VLOGs NUR LILA CHALLENGE! 🏆 | Fortnite: Battle Royale 2018 DieBuddiesZocken
17%
0,605 Gaming ALLE FORTNITE TÄNZE im REAL LIFE 2018! 🕴 | WTF Videos 2018 TwoEpicBuddies
17%
1,73 Beauty, Lifestyle Meine Haarjourney: in 5 Jahren von ultra KURZ auf mega LANG ?!? #Tipps (Spliss, Färben, Pflege) 2021 Anna Strigl
0%
1,11 GTA 5 WIR MACHEN EIN BABY 😱 - GTA 5 Real Life Mod 2018 CSYON
0%
1,33 Beauty, Lifestyle Ich teste XXL FAKE NÄGEL von SHIRIN DAVID für 24 Stunden! 2018 Kim Lianne
0%
3,14 Beauty _____ Alphabet Makeup Challenge Buchstaben A-M 😍 2022 Paula Wolf
0%
1,07 Tiere Big roosters crowing compilation with 15 different breeds - Whitecrested Polish, Serama, Leghorn 2018 Robert Höck
0%
2,44 Animation Der KINO FILM!! EXTRA LANG 🎀 als TOPMODEL Geboren 🎀 TOCA BOCA FILM auf DEUTSCH 2022 TocaToast
0%
1,19 Animation 🏕️ DER ÄSTHETIK CAMPING URLAUB 👒 DER GANZE FILM 🍿 FAMILIENURLAUB STORY TOCA BOCA DEUTSCH *Alle Parts 2025 TocaToast Darius
0%
0,818 Lifestyle, Musik ______ ____ - Sonnenbrand (Official Music Video) 2025 Vanessa Zinner
0%
2,08 Lifestyle Stelle SIRI NIEMALS diese Frage UM 3 UHR nachts!! 👻 2017 ViktoriaSarina
0%
Keine übereinstimmenden Quizze gefunden
Verteilung der Resultate
Anzahl Personen mit jedem Resultat
Perzentil nach korrekt beantworteten Fragen
Ihre Resultats-Entwicklung
Sie haben dieses Quiz noch nicht gespielt